000 00385nam a2200157Ia 4500
008 151213s9999 xx 000 0 und d
020 _apc00000143
100 _aIan Jack
245 _aAnalysis Satire
_cIan Jack
260 _aNew York
_bOxford Of The Clarendon Press
_c1962
300 _a5552 p.
650 _aEnglish
650 _aEnglish
700 _aIan Jack
999 _c3321
_d3321